Was sind die 20 größten Städte in Frankreich - Statistiken

Allgemein
  • Dieses Quiz wurde 237 mal gespielt
  • Das Durchschnittsergebnis liegt bei 11 aus 20
Antwortstatistiken
Hint Antwort % Korrekt
1 Paris
100%
2 Marseille
97%
3 Lyon
96%
9 Bordeaux
83%
4 Toulouse
72%
10 Lille
68%
11 Rennes
68%
6 Nantes
64%
7 Montpellier
61%
5 Nice
56%
8 Strasbourg
56%
12 Reims
52%
17 Dijon
43%
13 Saint-Étienne
40%
14 Le Havre
39%
16 Grenoble
33%
15 Toulon
25%
19 Nîmes
21%
18 Angers
15%
20 Villeurbanne
10%
Keine übereinstimmenden Quizze gefunden
Verteilung der Resultate
Anzahl Personen mit jedem Resultat
Perzentil nach korrekt beantworteten Fragen
Ihre Resultats-Entwicklung
Sie haben dieses Quiz noch nicht gespielt